Statistics for Argentina 2022 FIFA World Cup Winning Squad

Click here to take the quiz!

General Stats

  • This quiz has been taken 8,411 times
    (8,340 since last reset)
  • The average score is 16 of 27

Answer Stats

#PositionPlayer% Correct
10FW ©Lionel Messi
99%
23GKEmiliano Martínez
97%
22FWLautaro Martínez
96%
25DFLisandro Martínez
95%
11FWÁngel Di María
90%
9FWJulián Álvarez
77%
19DFNicolás Otamendi
74%
7MFRodrigo De Paul
73%
13DFCristian Romero
70%
20MFEnzo Fernández
69%
21FWPaulo Dybala
69%
8DFMarcos Acuña
65%
17MFAlexis Mac Allister
64%
26DFNahuel Molina
58%
4DFGonzalo Montiel
56%
3DFNicolás Tagliafico
55%
5MFLeandro Paredes
54%
ManagerLionel Scaloni
54%
1GKFranco Armani
46%
12GKGerónimo Rulli
44%
24MFAlejandro Gómez
41%
15FWÁngel Correa
35%
18MFGuido Rodríguez
32%
6DFGermán Pezzella
31%
2DFJuan Foyth
30%
16FWThiago Almada
30%
14MFExequiel Palacios
25%

Score Distribution

Percentile by Number Answered

Percent of People with Each Score

Your Score History

You have not taken this quiz since the last reset